Coldest Countries - Statistics

General Stats
  • This quiz has been taken 139,511 times
    80,059 since last reset
  • The average score is 15 of 20
Answer Stats
° C Country ° F % Correct
-3.8 Russia 25.2
99%
-4.5 Canada 24.0
98%
2.7 Norway 36.9
97%
2.6 Finland 36.7
96%
3.4 Sweden 38.0
96%
2.3 Iceland 36.1
93%
0.8 Mongolia 33.4
86%
6.4 Estonia 43.4
83%
6.9 Latvia 44.3
82%
7.3 Lithuania 45.1
81%
7.3 Kazakhstan 45.1
78%
7.9 China 46.2
75%
7.3 Belarus 45.1
71%
7.2 North Korea 44.9
67%
2.8 Kyrgyzstan 37.0
61%
2.6 Tajikistan 36.7
60%
6.9 Switzerland 44.3
59%
7.6 Austria 45.6
51%
5.7 Bhutan 42.3
49%
7.5 Liechtenstein 45.5
42%
No matching quizzes found
Score Distribution
Percent of People with Each Score
Percentile by Number Answered
Your Score History
You have not taken this quiz since the last reset